[Event "Riscle-C"]
[Site "Riscle"]
[Date "2018.08.08"]
[Round "4"]
[White "Jauneau, David"]
[Black "Hameau, Cyril"]
[Result "1-0"]
[WhiteElo "1794"]
[BlackElo "1783"]
[PlyCount "143"]
[EventDate "2018.08.06"]
[EventType "tourn"]
[EventRounds "7"]
[EventCountry "FRA"]
[SourceTitle "EXT 2020"]
[Source "ChessBase"]
[SourceDate "2019.10.17"]
[SourceVersion "1"]
[SourceVersionDate "2019.10.17"]
[SourceQuality "1"]

1. d4 Nf6 2. c4 e6 3. Nf3 Bb4+ 4. Bd2 c5 5. Bc3 Qb6 6. Qb3 Nc6 7. dxc5 Qxc5 8. e3 0-0 9. Bd3 d5 10. Nbd2 Bxc3 11. Qxc3 Re8 12. Ne5 Nxe5 13. Qxe5 Nd7 14. Qh5 g6 15. Qe2 Ne5 16. 0-0 Bd7 17. Rfc1 Rad8 18. Nb3 Qb4 19. c5 a5 20. Rc3 a4 21. a3 Qh4 22. Nd4 Bc6 23. g3 Qh3 24. Qf1 Qh6 25. Be2 Nd7 26. Bb5 Nb8 27. Nxc6 bxc6 28. Bxa4 d4 29. exd4 Rxd4 30. b4 Red8 31. Bd1 Qd2 32. Rcc1 e5 33. Qe2 Qg5 34. Qe3 Qe7 35. Be2 Nd7 36. Rd1 Qf6 37. Qb3 Nf8 38. a4 Ne6 39. a5 Rb8 40. Rxd4 exd4 41. Rc1 Qg5 42. Qc4 Rxb4 43. Qxb4 Qxc1+ 44. Kg2 Qxc5 45. Qxc5 Nxc5 46. a6 Nd7 47. Bf3 c5 48. a7 Nb6 49. a8Q+ Nxa8 50. Bxa8 Kf8 51. Kf3 Ke7 52. Ke4 Kd6 53. Kd3 f6 54. Be4 Ke5 55. f4+ Kd6 56. g4 g5 57. Bxh7 gxf4 58. Ke4 f3 59. Kxf3 Ke5 60. Bd3 Kd5 61. h4 c4 62. Bf5 Kd6 63. h5 Ke7 64. Ke4 d3 65. Kd4 d2 66. Bc2 f5 67. g5 Kf7 68. Ke5 Kg7 69. Kxf5 Kh8 70. h6 c3 71. g6 Kg8 72. Kf6 1-0

[Event "St Petersburg Summer op"]
[Site "St Petersburg"]
[Date "2017.08.16"]
[Round "1"]
[White "Wagner, Dinara"]
[Black "Hameau, Cyril"]
[Result "1-0"]
[WhiteElo "2324"]
[BlackElo "1879"]
[PlyCount "79"]
[EventDate "2017.08.16"]
[EventType "swiss"]
[EventRounds "9"]
[EventCountry "RUS"]
[SourceTitle "CBM 180 Extra"]
[Source "ChessBase"]
[SourceDate "2017.10.06"]
[SourceVersion "1"]
[SourceVersionDate "2017.10.06"]
[SourceQuality "1"]

1. Nf3 Nf6 2. c4 e6 3. g3 b6 4. Bg2 Bb7 5. 0-0 Be7 6. b3 0-0 7. Bb2 d5 8. e3 Nc6 9. Qe2 a5 10. Nc3 d4 11. exd4 Nxd4 12. Nxd4 Bxg2 13. Kxg2 Qxd4 14. d3 Rad8 15. Rad1 Qg4 16. Qxg4 Nxg4 17. d4 Bf6 18. Ne4 Be7 19. Rfe1 f5 20. Nc3 Bf6 21. Nb5 c6 22. Na7 c5 23. h3 Nh6 24. Rxe6 Rfe8 25. Rxe8+ Rxe8 26. Rd2 cxd4 27. Bxd4 Bxd4 28. Rxd4 Nf7 29. Nb5 Re2 30. a4 Rb2 31. Rd3 g6 32. Re3 Ng5 33. Nd4 Ne4 34. Re2 Rb1 35. g4 Rd1 36. Nc6 Rd6 37. Ne7+ Kf8 38. gxf5 Nd2 39. fxg6 Nxb3 40. gxh7 1-0

[Event "Riscle-B"]
[Site "Riscle"]
[Date "2017.08.07"]
[Round "4"]
[White "Boudey, Simon"]
[Black "Hameau, Cyril"]
[Result "1-0"]
[WhiteElo "1822"]
[BlackElo "1879"]
[PlyCount "47"]
[EventDate "2017.08.07"]
[EventType "tourn"]
[EventRounds "7"]
[EventCountry "FRA"]
[SourceTitle "EXT 2019"]
[Source "ChessBase"]
[SourceDate "2018.10.10"]
[SourceVersion "1"]
[SourceVersionDate "2018.10.10"]
[SourceQuality "1"]

1. e4 Nf6 2. e5 Nd5 3. d4 d6 4. Nf3 Nc6 5. Be2 dxe5 6. Nxe5 Nxe5 7. dxe5 Bf5 8. c4 Nb6 9. Qb3 e6 10. 0-0 Qd4 11. Nd2 Qxe5 12. Re1 Bd6 13. Nf3 Qc5 14. a3 0-0-0 15. Be3 Qa5 16. Bd2 Qa4 17. Qc3 f6 18. b3 Qd7 19. c5 Nd5 20. Qa5 Be7 21. Qxa7 c6 22. Qa8+ Kc7 23. Ba5+ b6 24. Qa7+ 1-0

[Event "Riscle-B"]
[Site "Riscle"]
[Date "2017.08.07"]
[Round "1"]
[White "Hameau, Cyril"]
[Black "Saliou, Jean Yves"]
[Result "1-0"]
[WhiteElo "1879"]
[BlackElo "1930"]
[PlyCount "45"]
[EventDate "2017.08.07"]
[EventType "tourn"]
[EventRounds "7"]
[EventCountry "FRA"]
[SourceTitle "EXT 2019"]
[Source "ChessBase"]
[SourceDate "2018.10.10"]
[SourceVersion "1"]
[SourceVersionDate "2018.10.10"]
[SourceQuality "1"]

1. d4 d6 2. Nf3 Nf6 3. Bf4 c6 4. e3 Qb6 5. Qc1 Bf5 6. Nbd2 Nbd7 7. h3 Ne4 8. Nc4 Qc7 9. Bd3 Ndf6 10. g4 Be6 11. g5 Nh5 12. Bh2 Bd5 13. Rg1 b5 14. Ncd2 f5 15. b3 g6 16. c4 Nxd2 17. Nxd2 bxc4 18. bxc4 Bf7 19. c5 Qa5 20. cxd6 Kd7 21. Rb1 Qa4 22. Rb7+ Kd8 23. Bb5 1-0

[Event "Riscle-B"]
[Site "Riscle"]
[Date "2017.08.07"]
[Round "3"]
[White "Hameau, Cyril"]
[Black "Tholey, Jean Paul"]
[Result "1-0"]
[WhiteElo "1879"]
[BlackElo "1845"]
[PlyCount "83"]
[EventDate "2017.08.07"]
[EventType "tourn"]
[EventRounds "7"]
[EventCountry "FRA"]
[SourceTitle "EXT 2019"]
[Source "ChessBase"]
[SourceDate "2018.10.10"]
[SourceVersion "1"]
[SourceVersionDate "2018.10.10"]
[SourceQuality "1"]

1. e4 c5 2. d4 cxd4 3. c3 d5 4. e5 Bf5 5. cxd4 Bxb1 6. Qa4+ Nc6 7. Rxb1 Qa5+ 8. Qxa5 Nxa5 9. Nf3 e6 10. Bd2 Nc6 11. b4 Rc8 12. Bd3 Nge7 13. g4 h5 14. b5 Nd8 15. g5 Nf5 16. Ke2 b6 17. Rhc1 Rxc1 18. Rxc1 Kd7 19. a4 Ba3 20. Rc2 Nb7 21. Bxf5 exf5 22. g6 fxg6 23. Rc6 Nd8 24. Rxg6 Ne6 25. Kd3 Be7 26. Rg1 Rc8 27. Ra1 g5 28. a5 g4 29. Ne1 Bd8 30. Nc2 Rxc2 31. Kxc2 Nxd4+ 32. Kd3 Nxb5 33. h3 gxh3 34. axb6 axb6 35. Rh1 Ke6 36. f4 Kf7 37. Rxh3 Kg6 38. Rg3+ Kf7 39. Rg2 h4 40. Be3 Na3 41. Bf2 Nc4 42. Kd4 1-0

[Event "Rouen op 9th"]
[Site "Rouen"]
[Date "2016.12.19"]
[Round "5"]
[White "Hameau, Cyril"]
[Black "Dubois, Benjamin"]
[Result "1-0"]
[WhiteElo "1879"]
[BlackElo "1666"]
[PlyCount "47"]
[EventDate "2016.12.17"]
[EventType "swiss"]
[EventRounds "7"]
[EventCountry "FRA"]
[SourceTitle "CBM 176 Extra"]
[Source "ChessBase"]
[SourceDate "2017.03.02"]
[SourceVersion "1"]
[SourceVersionDate "2017.03.02"]
[SourceQuality "1"]

1. e4 d6 2. Nf3 e5 3. Bc4 Be7 4. d3 Nd7 5. Be3 Ngf6 6. h3 0-0 7. Nc3 c6 8. g4 b5 9. Bb3 Nb6 10. g5 Ne8 11. Rg1 g6 12. h4 Nc7 13. h5 Be6 14. d4 Bxb3 15. axb3 f6 16. hxg6 hxg6 17. Nh4 exd4 18. Bxd4 fxg5 19. Nxg6 Rf7 20. Nxe7+ Qxe7 21. Qh5 Rh7 22. Rxg5+ Kf8 23. Rf5+ Kg8 24. Qg4+ 1-0

[Event "Rouen op 9th"]
[Site "Rouen"]
[Date "2016.12.18"]
[Round "3"]
[White "Hameau, Cyril"]
[Black "Loiseau, Quentin"]
[Result "0-1"]
[WhiteElo "1879"]
[BlackElo "2440"]
[PlyCount "56"]
[EventDate "2016.12.17"]
[EventType "swiss"]
[EventRounds "7"]
[EventCountry "FRA"]
[SourceTitle "CBM 176 Extra"]
[Source "ChessBase"]
[SourceDate "2017.03.02"]
[SourceVersion "1"]
[SourceVersionDate "2017.03.02"]
[SourceQuality "1"]

1. e4 c5 2. d4 cxd4 3. c3 dxc3 4. Nxc3 Nc6 5. Nf3 e6 6. Bc4 a6 7. 0-0 b5 8. Bb3 Bb7 9. Bf4 Nge7 10. Bg5 Qb8 11. Re1 Ng6 12. Nd5 Bc5 13. Rc1 Ba7 14. h4 h6 15. Bd2 0-0 16. h5 Nge5 17. Nxe5 Qxe5 18. Bc3 Qg5 19. Bd2 Qh4 20. Ne3 Ne5 21. Bc3 Qg5 22. Bc2 Rac8 23. Kf1 Rxc3 24. bxc3 Rc8 25. Bb1 f5 26. Qe2 f4 27. Qd2 fxe3 28. fxe3 Rf8+ 0-1

[Event "Bois Colombes op"]
[Site "Bois Colombes"]
[Date "2014.06.11"]
[Round "?"]
[White "Hameau, Cyril"]
[Black "Dionisi, Thomas"]
[Result "0-1"]
[WhiteElo "1923"]
[BlackElo "2382"]
[PlyCount "63"]
[EventDate "2013.06.11"]
[EventType "swiss"]
[EventRounds "6"]
[EventCountry "FRA"]
[SourceTitle "EXT 2015"]
[Source "ChessBase"]
[SourceDate "2014.11.20"]
[SourceVersion "1"]
[SourceVersionDate "2014.11.20"]
[SourceQuality "1"]

1. d4 Nf6 2. c4 e6 3. Nc3 Bb4 4. g3 0-0 5. Bg2 d5 6. Nf3 c6 7. 0-0 Nbd7 8. a3 Bd6 9. Qc2 dxc4 10. Rd1 Qe7 11. e4 e5 12. h3 Re8 13. dxe5 Nxe5 14. Nxe5 Bxe5 15. f4 Bxc3 16. bxc3 Qc5+ 17. Kh2 b5 18. a4 Bb7 19. Ba3 Qb6 20. axb5 Red8 21. bxc6 Bxc6 22. Qe2 Rac8 23. Be7 Rxd1 24. Rxd1 Bb7 25. e5 Ne8 26. f5 Bxg2 27. Qxg2 Qc7 28. Bd6 Qd7 29. Qf3 h6 30. Rd4 Rc6 31. Bb4 Qc7 32. Ba5 0-1

[Event "FRA-chT2 1011"]
[Site "France"]
[Date "2010.11.14"]
[Round "3.5"]
[White "Dessenne, Francois"]
[Black "Hameau, Cyril"]
[Result "1-0"]
[WhiteElo "2071"]
[BlackElo "1954"]
[PlyCount "91"]
[EventDate "2010.10.17"]
[EventType "team-tourn"]
[EventRounds "11"]
[EventCountry "FRA"]
[SourceTitle "EXT 2012"]
[Source "ChessBase"]
[SourceDate "2011.11.24"]
[SourceVersion "1"]
[SourceVersionDate "2011.11.24"]
[SourceQuality "1"]

1. e4 e5 2. Nf3 Nc6 3. Bb5 f5 4. Nc3 fxe4 5. Nxe4 Nf6 6. Qe2 d6 7. d4 Bd7 8. Nxf6+ gxf6 9. Be3 Qe7 10. d5 Nd8 11. Bc4 Nf7 12. 0-0-0 a6 13. h3 f5 14. Rhe1 Qf6 15. Nd4 Bg7 16. Ne6 Bxe6 17. dxe6 Nd8 18. Qd2 f4 19. Bc5 Nxe6 20. Ba3 0-0-0 21. Qd5 Nd4 22. c3 Nb5 23. Bxb5 axb5 24. Qxb5 Qg6 25. f3 Rhg8 26. Rd2 Qe8 27. Qa5 Kb8 28. Re4 Qc6 29. Ra4 b6 30. Qa7+ Kc8 31. Qa6+ Qb7 32. Qd3 h6 33. c4 Qc6 34. Rb4 d5 35. Qf5+ Kb7 36. Rc2 d4 37. Qd3 Bf8 38. c5 Bxc5 39. Rb5 Rd5 40. Bxc5 Rxg2 41. Rxg2 Rxc5+ 42. Rxc5 Qxc5+ 43. Rc2 Qa5 44. Qe4+ Kb8 45. a3 Qb5 46. Kb1 1-0

[Event "Paris-ch op-A"]
[Site "Paris"]
[Date "2010.07.08"]
[Round "6"]
[White "Landois, Nicolas"]
[Black "Hameau, Cyril"]
[Result "1-0"]
[WhiteElo "1857"]
[BlackElo "1969"]
[PlyCount "75"]
[EventDate "2010.07.03"]
[EventType "swiss"]
[EventRounds "9"]
[EventCountry "FRA"]
[SourceTitle "CBM 137 Extra"]
[Source "ChessBase"]
[SourceDate "2010.09.01"]
[SourceVersion "1"]
[SourceVersionDate "2010.09.01"]
[SourceQuality "1"]

1. e4 e5 2. Nf3 Nc6 3. Bb5 f5 4. 0-0 fxe4 5. Bxc6 dxc6 6. Nxe5 Nf6 7. d4 c5 8. c3 cxd4 9. cxd4 Be6 10. Bg5 Bd6 11. Nc3 h6 12. Bf4 c6 13. Ng6 Rg8 14. Re1 Bxf4 15. Nxf4 Bd5 16. Ncxd5 cxd5 17. Ng6 Qb6 18. Ne5 Ke7 19. Qa4 a6 20. Rac1 Rac8 21. Qa3+ Qd6 22. Qh3 Nd7 23. Qf5 Qe6 24. Ng6+ Kd6 25. Qf4+ Ne5 26. Qxe5+ Qxe5 27. Nxe5 g5 28. Nf7+ Kd7 29. Nxh6 Rg6 30. Nf7 Rxc1 31. Rxc1 Rb6 32. Nxg5 Rxb2 33. h4 Ke7 34. Rc5 Kd6 35. h5 Rb4 36. h6 Rxd4 37. h7 Kxc5 38. Ne6+ 1-0

[Event "Paris-ch op-A"]
[Site "Paris"]
[Date "2010.07.06"]
[Round "4"]
[White "Lazo, Xenia"]
[Black "Hameau, Cyril"]
[Result "1-0"]
[WhiteElo "2112"]
[BlackElo "1969"]
[PlyCount "85"]
[EventDate "2010.07.03"]
[EventType "swiss"]
[EventRounds "9"]
[EventCountry "FRA"]
[SourceTitle "CBM 137 Extra"]
[Source "ChessBase"]
[SourceDate "2010.09.01"]
[SourceVersion "1"]
[SourceVersionDate "2010.09.01"]
[SourceQuality "1"]

1. d4 Nf6 2. c4 c5 3. d5 b5 4. cxb5 a6 5. bxa6 Bxa6 6. Nc3 d6 7. Nf3 g6 8. g3 Bg7 9. Bg2 Nbd7 10. Rb1 0-0 11. 0-0 Ng4 12. Bd2 Qc7 13. b3 Rfb8 14. Re1 Qa7 15. h3 Nge5 16. a4 Nxf3+ 17. Bxf3 Be5 18. Kg2 Bd4 19. e3 Bg7 20. Be2 Ne5 21. Nb5 Qb7 22. Bc3 Qc8 23. Qc2 Bb7 24. e4 f5 25. f4 Nf7 26. Bxg7 Kxg7 27. Bc4 Qd7 28. Kh2 fxe4 29. Qxe4 e5 30. fxe5 dxe5 31. Qe3 h5 32. Rbd1 Rf8 33. Rd2 Kh7 34. Bf1 Rae8 35. Qxc5 Ng5 36. Bg2 Bc8 37. Qc7 e4 38. Qxd7+ Bxd7 39. Nd6 e3 40. Rde2 Nf3+ 41. Bxf3 Rxf3 42. Nxe8 h4 43. g4 1-0

[Event "Paris-ch op-A"]
[Site "Paris"]
[Date "2010.07.05"]
[Round "3"]
[White "Hameau, Cyril"]
[Black "Rode, Anthony"]
[Result "1-0"]
[WhiteElo "1969"]
[BlackElo "2058"]
[PlyCount "47"]
[EventDate "2010.07.03"]
[EventType "swiss"]
[EventRounds "9"]
[EventCountry "FRA"]
[SourceTitle "CBM 137 Extra"]
[Source "ChessBase"]
[SourceDate "2010.09.01"]
[SourceVersion "1"]
[SourceVersionDate "2010.09.01"]
[SourceQuality "1"]

1. e4 d5 2. exd5 Qxd5 3. Nc3 Qa5 4. d4 Nf6 5. Nf3 Nc6 6. Bd2 a6 7. a3 Bg4 8. h3 Bxf3 9. Qxf3 0-0-0 10. d5 Nd4 11. Qd3 e5 12. dxe6 Nb3 13. Qxd8+ Kxd8 14. cxb3 Qe5+ 15. Be2 fxe6 16. 0-0-0 Nd5 17. Rhe1 Qd6 18. Bg4 c6 19. Rxe6 Qc7 20. Kb1 Be7 21. Nxd5 cxd5 22. Bg5 Bxg5 23. Rxd5+ Kc8 24. Rc6+ 1-0

[Event "FRA-chT2 North 0809"]
[Site "France"]
[Date "2009.02.08"]
[Round "7.7"]
[White "Delaruelle, Christian"]
[Black "Hameau, Cyril"]
[Result "1-0"]
[WhiteElo "1918"]
[BlackElo "2044"]
[PlyCount "113"]
[EventDate "2008.10.19"]
[EventType "team-tourn"]
[EventRounds "11"]
[EventCountry "FRA"]
[SourceTitle "EXT 2010"]
[Source "ChessBase"]
[SourceDate "2010.11.25"]
[SourceVersion "1"]
[SourceVersionDate "2010.11.25"]
[SourceQuality "1"]
[WhiteTeam "Gonfreville II"]
[BlackTeam "Cergy Pontoise"]
[WhiteTeamCountry "FRA"]
[BlackTeamCountry "FRA"]

1. e4 d5 2. d4 dxe4 3. Nc3 Nf6 4. f3 Nc6 5. Bb5 exf3 6. Nxf3 e6 7. 0-0 Bd7 8. d5 Bc5+ 9. Kh1 exd5 10. Nxd5 Ng4 11. Bg5 f6 12. Bf4 Nce5 13. Nxe5 Nxe5 14. Bxe5 Bxb5 15. Nxc7+ Ke7 16. Nd5+ Ke8 17. Bxf6 Qd6 18. Be5 Qc6 19. Nc7+ Ke7 20. Nxb5 Qxb5 21. Bxg7 Rhg8 22. Qe1+ Kd7 23. Rd1+ Kc7 24. Qe5+ Kb6 25. Qe6+ Qc6 26. Qxc6+ bxc6 27. Bd4 Bxd4 28. Rxd4 Rae8 29. Rd2 Rg7 30. Rfd1 h5 31. g3 a5 32. b3 Kc5 33. a3 Re3 34. Rd3 Re2 35. R1d2 Re4 36. c3 h4 37. Kg2 Rg6 38. Rd4 Re3 39. Rxh4 Rxc3 40. b4+ axb4 41. axb4+ Kb5 42. Ra2 Rc4 43. Rxc4 Kxc4 44. h4 Kxb4 45. Kf3 c5 46. h5 Rd6 47. g4 c4 48. g5 Rd1 49. g6 Kb3 50. Ra7 Rd8 51. Rc7 c3 52. h6 c2 53. Rxc2 Kxc2 54. g7 Rd3+ 55. Ke4 Rh3 56. g8Q Rxh6 57. Qg2+ 1-0

[Event "FRA-chT2 North 0809"]
[Site "France"]
[Date "2008.12.14"]
[Round "4.6"]
[White "Coudray, Frederic"]
[Black "Hameau, Cyril"]
[Result "0-1"]
[WhiteElo "2053"]
[BlackElo "2044"]
[PlyCount "58"]
[EventDate "2008.10.19"]
[EventType "team-tourn"]
[EventRounds "11"]
[EventCountry "FRA"]
[SourceTitle "EXT 2010"]
[Source "ChessBase"]
[SourceDate "2010.11.25"]
[SourceVersion "1"]
[SourceVersionDate "2010.11.25"]
[SourceQuality "1"]
[WhiteTeam "Livry Gargan"]
[BlackTeam "Cergy Pontoise"]
[WhiteTeamCountry "FRA"]
[BlackTeamCountry "FRA"]

1. e4 d5 2. exd5 Qxd5 3. Nc3 Qd6 4. Nf3 Bf5 5. d4 a6 6. Be3 Nc6 7. Nh4 Bd7 8. Qd2 0-0-0 9. Ne4 Qe6 10. Ng5 Qf6 11. Nhf3 Bf5 12. Bd3 Bxd3 13. Qxd3 h6 14. Ne4 Qg6 15. 0-0 e5 16. Nc5 Qxd3 17. Nxd3 exd4 18. Bf4 g5 19. Bd2 Bd6 20. Rfe1 Nge7 21. c3 Nf5 22. g4 Nfe7 23. cxd4 f5 24. h3 fxg4 25. hxg4 Rhf8 26. Kg2 Rf6 27. Re4 Rdf8 28. Nde1 Ng6 29. Rd1 Nh4+ 0-1

[Event "FRA-chT2 West 0708"]
[Site "France"]
[Date "2008.01.20"]
[Round "6.6"]
[White "Hameau, Cyril"]
[Black "Roumegous, Etienne"]
[Result "0-1"]
[WhiteElo "2082"]
[BlackElo "2097"]
[PlyCount "70"]
[EventDate "2007.10.21"]
[EventType "team"]
[EventRounds "11"]
[EventCountry "FRA"]
[SourceTitle "EXT 2009"]
[Source "ChessBase"]
[SourceDate "2008.11.26"]
[SourceVersion "1"]
[SourceVersionDate "2008.11.26"]
[SourceQuality "1"]
[WhiteTeam "Cergy Pontoise"]
[BlackTeam "Evry Grand Roque II"]
[WhiteTeamCountry "FRA"]
[BlackTeamCountry "FRA"]

1. d4 d5 2. Bg5 Bf5 3. Nd2 Nd7 4. c4 c6 5. Qb3 Qb6 6. e3 e6 7. c5 Qxb3 8. Nxb3 e5 9. Nf3 f6 10. Bh4 0-0-0 11. Rc1 Re8 12. Bg3 Bg4 13. Be2 Nh6 14. h3 Bxf3 15. gxf3 exd4 16. exd4 Nf5 17. Kd2 g6 18. Rce1 Bh6+ 19. Kd1 Nxg3 20. fxg3 Re3 21. Rhg1 Kc7 22. h4 b6 23. f4 Bf8 24. Kd2 Rxb3 25. axb3 bxc5 26. Bf3 cxd4 27. Re6 Bb4+ 28. Kd1 d3 29. g4 Rb8 30. Kc1 Nc5 31. Rxf6 Nxb3+ 32. Kd1 Rb5 33. Bxd5 Rxd5 34. Rg3 Nd2 35. Re3 Nc4 0-1

[Event "FRA-chT2 North 0607"]
[Site "France"]
[Date "2007.01.21"]
[Round "6.7"]
[White "Hameau, Cyril"]
[Black "Charmeteau, Sven"]
[Result "0-1"]
[WhiteElo "2050"]
[BlackElo "2161"]
[PlyCount "82"]
[EventDate "2006.10.15"]
[EventType "team"]
[EventRounds "11"]
[EventCountry "FRA"]
[SourceTitle "EXT 2008"]
[Source "ChessBase"]
[SourceDate "2007.11.25"]
[SourceVersion "1"]
[SourceVersionDate "2007.11.25"]
[SourceQuality "1"]
[WhiteTeam "Cergy Pontoise"]
[BlackTeam "Gonfreville II"]
[WhiteTeamCountry "FRA"]
[BlackTeamCountry "FRA"]

1. d4 Nf6 2. Bg5 e6 3. e4 c5 4. d5 Qb6 5. Bxf6 gxf6 6. b3 Qb4+ 7. Nd2 Bh6 8. Ngf3 Rg8 9. g3 f5 10. exf5 exd5 11. Bd3 d6 12. 0-0 Nc6 13. Re1+ Kd8 14. Qe2 Bd7 15. Bb5 Bxd2 16. Nxd2 Re8 17. Qd3 Ne5 18. Rxe5 Rxe5 19. Bxd7 Kxd7 20. f4 Re2 21. c3 Rxd2 22. Qxd2 Qe4 23. Re1 Qxf5 24. Qe2 Kc6 25. a4 a6 26. b4 b5 27. Ra1 Qe4 28. Kf2 cxb4 29. axb5+ Kb6 30. Qxe4 dxe4 31. bxa6 bxc3 32. Ra3 Rc8 33. a7 c2 34. Ra1 Kb7 35. Rc1 Kxa7 36. Ke3 d5 37. Kd4 Kb6 38. g4 Kb5 39. h4 Rc4+ 40. Ke3 Kb4 41. f5 Kb3 0-1